| 000 | 01255cam a22003134a 4500 | ||
|---|---|---|---|
| 001 | 13319839 | ||
| 003 | OSt | ||
| 005 | 20240617123754.0 | ||
| 008 | 030821s2004 ne a b 001 0 eng | ||
| 010 | _a 2003058330 | ||
| 020 | _a012603642X (acidfree paper) | ||
| 020 | _a0126036438 (CDROM) | ||
| 040 | _cMUST | ||
| 042 | _apcc | ||
| 082 | 0 | 0 |
_a510.2855 RUS _222 |
| 100 | 1 |
_aRuskeepää, Heikki. _915929 |
|
| 245 | 1 | 0 |
_aMathematica navigator : _bmathematics, statistics, and graphics / _cHeikki Ruskeepää. |
| 250 | _a2nd ed. | ||
| 260 |
_aAmsterdam ; _aBoston : _bElsevier Academic Press, _cc2004. |
||
| 300 |
_axx, 844 p. : _bill. ; _c24 cm. + _e1 CD-ROM (4 3/4 in.) |
||
| 504 | _aIncludes bibliographical references (p. [803]-805) and index. | ||
| 630 | 0 | 0 |
_aMathematica (Computer file) _95189 |
| 650 | 0 |
_aMathematics _xData processing. _915930 |
|
| 856 | 4 | 1 |
_3Table of contents _uhttp://www.loc.gov/catdir/toc/els051/2003058330.html |
| 856 | 4 | 2 |
_3Publisher description _uhttp://www.loc.gov/catdir/description/els041/2003058330.html |
| 906 |
_a7 _bcbc _corignew _d1 _eocip _f20 _gy-gencatlg |
||
| 942 |
_2ddc _cO_SHELF |
||
| 999 |
_c8553 _d8553 |
||